000
00320nam a22001337a 4500
008
170612b xxu||||| |||| 00| 0 eng d
020
_a
9780801492778
041
_a
eng
080
_a
327
100
_a
19
101
_a
SHP
245
_a
THE SUPREME COURT AND CONSTITUTIONAL DEMOCRACY
_c
AGRESTO.J
942
_2
udc
_c
BK
999
_c
17039
_d
17039